| 000 | 03900cam a22002898a 4500 | ||
|---|---|---|---|
| 001 | 15490546 | ||
| 005 | 20170105102905.0 | ||
| 008 | 081020s2009 enk b 001 0 eng | ||
| 010 | _a 2008043739 | ||
| 020 | _a9780415396318 (hardback : alk. paper) | ||
| 020 | _a9780415493963 (pbk. : alk. paper) | ||
| 020 | _a9780203879306 (ebook) | ||
| 040 |
_aDLC _cDLC |
||
| 050 | 0 | 0 |
_aBD111 _b.R68 2009 |
| 082 | 0 | 0 |
_a110 _222 |
| 245 | 0 | 4 |
_aThe Routledge companion to metaphysics / _cedited by Robin Le Poidevin ... [et al.]. |
| 260 |
_aLondon ; _aNew York : _bRoutledge, _c2009. |
||
| 263 | _a0903 | ||
| 300 | _ap. cm. | ||
| 504 | _aIncludes bibliographical references and index. | ||
| 505 | 0 | _aIntroduction: hat is metaphysics? / Robin Le Poidevin -- History of metaphysics -- Introduction to part I: MJillennia of metaphysics / Peter Simons -- Pre-socratic themes : being, not-being and mind / David Sedley -- Plato : arguments for forms / Richard Patterson -- Aristotle : form, matter, and substance / Stephen Makin -- Aristotle : time and change / Ursula Coope -- Medieval metaphysics I : the problem of universals / Claude Panaccio -- Medieval metaphysics II : things, non-things, God, and time / John Marenbon -- Descartes : the real distinction / Dugald Murdoch -- Hobbes : matter, motion, and cause / George MacDonald Ross -- Spinoza : substance, attribute, and mode / Richard Glauser -- Locke : the primary and secondary quality distinction / Lisa Downing -- Leibniz : mind-body causation, and pre-established harmony / Gonzalo Rodriguez-Pereyra -- Berkeley : arguments for idealism / Tom Stoneham -- Hume : necessary connections and distinct existences / Alexander Miller -- Kant : the possibility of metaphysics / Lucy Allais -- Hegel and Schopenhauer : reason and will / Rolf-Peter Horstmann -- Anti-metaphysics I : Nietzsche / Maudemarie Clark -- Bradley : the supra-relational absolute / William Mander -- Whitehead : process and cosmology / Peter Simons -- Heidegger : the question of being / Herman Philips -- Anti-metaphysics II : verificationism and kindred views / Cheryl Misak -- Metaphysics revivified / Avrum Stroll -- Ontology : on what exists -- Introduction to part II : being and related matters / Ross P. Cameron -- To be / Chris Daly -- Not to be / Graham Priest -- Razor arguments / Peter Forrest -- Substance / David Robb -- Intrinsic and extrinsic properties / Ross P. Cameron -- Universals : the contemporary debate / Fraser MacBride -- Particulars / Herbert Hochberg -- Persistence, composition, and identity / Nikk Effingham -- Relations / John Heil -- Events, facts, and states of affairs / Julian Dodd -- Possible worlds and possibilia / John Divers -- Mathematical entities / Peter Clark -- Fictional objects / Richard Hanley -- Vagueness / Elizabeth Barnes -- Minor entities : surfaces, holes, and shadows / Roberto Casati -- Truth-makers and truth-bearers / John Bigelow -- Values / Kevin Mulligan -- Metaphysics and science -- Introduction to part III : the study of nature / Robin le Poidevin -- Space, absolute, and relational / Tim Maudlin -- The infinite / Daniel Nolan -- The passage of time / Eric T. Olson -- The direction of time / D.H. Mellor -- Causation / Michael Tooley -- Laws and dispositions / Stephen Mumford -- Determinism and probability / Phillip Percival -- Essences and natural kinds / Alexander Bird -- Metaphysics and relativity / Katherine Hawley -- Metaphysics and quantum physics / Peter J. Lewis -- Supervenience, reductionism, and emergence / Howard Robinson -- Biometaphysics / Barry Smith -- Social entities / Amie L. Thomasson -- The mental and the physical / Louise Anthony -- The self / John Campbell. | |
| 650 | 0 | _aMetaphysics. | |
| 700 | 1 |
_aLe Poidevin, Robin, _d1962- |
|
| 906 |
_a7 _bcbc _corignew _d1 _eecip _f20 _gy-gencatlg |
||
| 942 |
_2ddc _cBK |
||
| 999 |
_c14839 _d14839 |
||